| 000 | 00693nam a2200145 i 4500 | ||
|---|---|---|---|
| 001 | 185095 | ||
| 003 | ES-MaACL | ||
| 005 | 20230906222339.0 | ||
| 008 | 160321s1875 po |||| | por d | ||
| 245 | 0 | 0 | _aCatalogo de livros antigos e modernos que hao de ser vendidos em Leilao no dia 4 de julho de 1875 e seguintes ás 11 horas da manha na rua de S. Joao, nºs 77-79 en Angra do Heroismo (ilha terceira, Açores) sob a direcçao de Antonio Gil. |
| 260 |
_aLisboa : _b[s.n.], _c1875 ( _fImp. de J. G. de Sousa Neves) |
||
| 300 |
_a64 p. ; _c20 cm. |
||
| 650 | 0 | 4 |
_aLibros- _vCatálogos de subastas. _914429 |
| 852 |
_aES-MaACL _jT-209-F-11 _z.- Enc. en un vol. facticio, falto de la cub. original |
||
| 999 |
_c185095 _d185095 |
||